000 00580nam a2200169 a 4500
001 BRCA_1411
005 20190320203420.0
008 751210s1958 mx-#---###---#000-0#spa-#
050 4 _aF1386.2
_b.V33 1958
100 1 _aValle-Arizpe, Artemio de
_d1888-1961
_92476
245 1 0 _aDel tiempo pasado
_bcronista de la Ciudad de México, tradiciones, leyendas y sucedidos del México virreinal
_cArtemio de Valle-Arizpe.
250 _a3
260 _aMéxico
_bPatria
_c1958
300 _a251 p.
_c19 cm.
651 4 _aMéxico
_xHistoria
_yColonia española, 1540-1810
_9394
942 _2lcc
_cB
999 _c1273
_d1273